Type | Year | Name | Info | % Correct |
---|---|---|---|---|
Film | 1995 | Toy Story | Disney-Pixar | 100%
|
Video Game | 1995 | Toy Story | Disney Interactive | 100%
|
Film | 1998 | Toy Story 2 | Disney-Pixar | 96%
|
Video Game | 1999 | Toy Story 2: Buzz Lightyear to the Rescue | Activision / Disney Interactive | 96%
|
Comic | 2019 | Toy Story 4 | Dark Horse Comics | 96%
|
Film | 2019 | Toy Story 4 | Disney-Pixar | 96%
|
Video Game | 2010 | Disney•Pixar Toy Story 3 | Disney Interactive | 93%
|
Film | 2009 | Toy Story 3 | Disney-Pixar | 93%
|
Video Game | 2010 | Toy Story 3: The Video Game | Disney Interactive / Disney Mobile | 93%
|
TV Special | 2013 | Toy Story of Terror! | ABC | 30%
|
Short Film | 2012 | Toy Story Toons: Partysaurus Rex | Disney-Pixar | 30%
|
Video Game | 2000 | Buzz Lightyear of Star Command | Activision / Disney Interactive | 26%
|
TV Show | 2000-2001 | Buzz Lightyear of Star Command | UPN / ABC | 26%
|
Film | 2000 | Buzz Lightyear of Star Command: The Adventure Begins | Disney-Pixar | 26%
|
Short Film | 2011 | Toy Story Toons: Small Fry | Disney-Pixar | 26%
|
Web Series | 2019-Present | Forky Asks a Question | Disney+ | 19%
|
TV Special | 2014 | Toy Story That Time Forgot | ABC | 19%
|
Short Film | 2011 | Toy Story Toons: Hawaiian Vacation | Disney-Pixar | 19%
|
TV Show | 1996 | Toy Story Treats | ABC | 19%
|
Video Game | 2009 | Toy Story Mania! | Activision / Disney Interactive | 15%
|
Theme Park Attraction | 2007-2011 | Woody's Round-Up | (Various) | 15%
|
Video Game | 1996 | Disney's Animated Storybook: Toy Story | Disney Interactive | 7%
|
Theme Park Attraction | 2018-Present | Slinky Dog Dash | Disney World | 7%
|
Theme Park Attraction | 2008-Present | Toy Story Midway Mania! | Disney World / Disneyland / Tokyo Disney Resort | 7%
|
Theme Park Attraction | 2018-Present | Alien Swirling Saucers | Disney World | 4%
|
Theme Park Attraction | 1998-Present | Buzz Lightyear's Space Ranger Spin | (Various) | 4%
|
Video Game | 1996 | Disney's Activity Center: Toy Story | Disney Interactive | 4%
|
Video Game | 1999 | Disney's Activity Center: Toy Story 2 | Disney Interactive | 4%
|
Theme Park Attraction | 1995-1996 | Pizza Planet | (Various) | 4%
|
Theme Park Attraction | ???? | Andy's Toy Box | Hong Kong Disneyland | 0%
|
Theme Park Attraction | ???? | Barrel of Fun | Hong Kong Disneyland | 0%
|
Theme Park Attraction | 1995-1996 | Buzz's Galaxy | (Various) | 0%
|
Theme Park Attraction | ???? | Cubot | Hong Kong Disneyland | 0%
|
Video Game | 2003 | Disney Hotshots: Toy Story 2 | Disney Interactive | 0%
|
Theme Park Attraction | ???? | Green Army Drum Corps | Disneyland Paris | 0%
|
Theme Park Attraction | ???? | Green Army Men Boot Camp | Disney World | 0%
|
Theme Park Attraction | 1995-1996 | Green Army Men's Obstacle Course | (Various) | 0%
|
Theme Park Attraction | 1995-1996 | Hamm's Theater | (Various) | 0%
|
Theme Park Attraction | ???? | Jessie's Snack Roundup | Disneyland Paris / Hong Kong Disneyland | 0%
|
Video Game | 2001 | Jessie's Wild West Rodeo | Disney Interactive | 0%
|
Theme Park Attraction | 1995-1996 | Mr. Potato Head's Playroom | (Various) | 0%
|
Theme Park Attraction | 2010-Present | RC Racer | Disneyland Paris / Hong Kong Disneyland / Shanghai Disney Resort | 0%
|
Video Game | 2010 | Shooting Beena: Toy Story 3 - Woody to Buzz No Daibōken! | Sega | 0%
|
Theme Park Attraction | 2010-Present | Slinky Dog Zigzag Spin | Disneyland Paris / Hong Kong Disneyland / Shanghai Disney Resort | 0%
|
Theme Park Attraction | 1995-1996 | Totally Interactive Room | (Various) | 0%
|
Theme Park Attraction | ???? | Toy Box Cafe | Shanghai Disney Resort | 0%
|
Theme Park Attraction | ???? | Toy Soldier Boot Camp | Hong Kong Disneyland | 0%
|
Theme Park Attraction | 2010-Present | Toy Soldiers Parachute Drop | Disneyland Paris / Hong Kong Disneyland | 0%
|
Video Game | 2005 | Toy Story 2: Operation Rescue Woody! | Disney Interactive | 0%
|
Video Game | 2000 | Toy Story 2: Woody Sousaku Daisakusen!! | Sega | 0%
|
Magazine | 2010 | Toy Story Magazine | Disney-Pixar | 0%
|
Comic | 2009 | Toy Story: Mysterious Stranger | Boom! Entertainment | 0%
|
Theme Park Attraction | ???? | Toy Story Playland Boutique | Disneyland Paris | 0%
|
Video Game | 2001 | Toy Story Racer | Activision / Disney Interactive | 0%
|
Video Game | 2013 | Toy Story: Smash It! | Disney Mobile | 0%
|
Comic | 2012 | Toy Story: Tales from the Toy Chest | Marvel Comics | 0%
|
Theme Park Attraction | 2008-2016 | Toy Story: The Musical | Disney Wonder | 0%
|
Copyright H Brothers Inc, 2008–2024
Contact Us | Go To Top | View Mobile Site